Econometric analysis (Registro nro. 581)

Detalles MARC
000 -LEADER
fixed length control field 01570 a2200229 4500
001 - CONTROL NUMBER
control field 14565
005 - DATE AND TIME OF LATEST TRANSACTION
control field 20260407155447.0
008 - FIXED-LENGTH DATA ELEMENTS--GENERAL INFORMATION
fixed length control field 260407a2012 arg spa d
003 - CONTROL NUMBER IDENTIFIER
control field AR-UNSa-BCEJYS
040 ## - CATALOGING SOURCE
Original cataloging agency AR-UNSa-BCEJYS
Language of cataloging spa
Transcribing agency AR-UNSa-BCEJYS
080 ## - UNIVERSAL DECIMAL CLASSIFICATION NUMBER
Universal Decimal Classification number 330.43
Common auxiliary subdivision Econometría
020 ## - INTERNATIONAL STANDARD BOOK NUMBER
International Standard Book Number 978-0-13-139538-1
100 1# - MAIN ENTRY--PERSONAL NAME
Personal name Greene, William H.
245 10 - TITLE STATEMENT
Title Econometric analysis
250 ## - EDITION STATEMENT
Edition statement 7a. ed.
264 #1 - PRODUCTION, PUBLICATION, DISTRIBUTION, MANUFACTURE, AND COPYRIGHT NOTICE
Place of production, publication, distribution, manufacture Boston :
Name of producer, publisher, distributor, manufacturer Pearson
Date of production, publication, distribution, manufacture, or copyright notice 2012
300 ## - PHYSICAL DESCRIPTION
Extent xxxix, 1198 p.
Dimensions 24 cm.
505 ## - FORMATTED CONTENTS NOTE
Formatted contents note 1. Econometrics - 2. The linear regression model - 3. Least Squares - 4. The least squares estimator - 5. Hypothesis tests and model selection - 6. Functional form and structural chnage - 7. Nonlinear, semiparametric, and nonparametric. Regression models - 8. Endogeneity and instrumental variable estimation - 9. The generalized regression model and heteroscedasticity - 10. Systems of equations - 11. Models for panel data - 12. Estimation frameworks in econometrics - 13. Minimum distance estimation and the generalized method of moments - 14. Maximun likelihood estimation - 15. Simulation-based estimation and interence and random parameter models - 16. Bayesian estimation and inference - 17. Discrete choice - 18. Discrete choices and event counts - 19. Limited dependent variables-truncation, censoring, and sample selection - 20. Serial correlation - 21. Nonstationary data
590 ## - LOCAL NOTE (RLIN)
Local note niveau_biblio:m niveau_hierar:0
856 41 - ELECTRONIC LOCATION AND ACCESS
Uniform Resource Identifier <a href="https://biblioeco.unsa.edu.ar/pmb/images/libros/Econometric Analysis-l118954.jpg">https://biblioeco.unsa.edu.ar/pmb/images/libros/Econometric Analysis-l118954.jpg</a>
Link text Imagen de portada
Electronic format type image/jpeg
942 ## - ADDED ENTRY ELEMENTS (KOHA)
Koha item type
Existencias
Withdrawn status Lost status Damaged status Not for loan Home library Current library Shelving location Date acquired Total checkouts Full call number Barcode Date last seen Price effective from Koha item type
        Biblioteca Prof. Eusebio Cleto del Rey Biblioteca Prof. Eusebio Cleto del Rey   07/04/2026   330.43 G795 7ed. L118953 07/04/2026 07/04/2026 Libro
        Biblioteca Prof. Eusebio Cleto del Rey Biblioteca Prof. Eusebio Cleto del Rey   07/04/2026   330.43 G795 7ed. L118954 07/04/2026 07/04/2026 Libro
        Biblioteca Prof. Eusebio Cleto del Rey Biblioteca Prof. Eusebio Cleto del Rey   07/04/2026   330.43 G795 7ed. L125462 07/04/2026 07/04/2026 Libro